000 00570nam a2200193Ia 4500
005 20250317125945.0
008 008 250317s9999 xx 000 0 eng d
020 _a81-7141-088-X
037 _aTextbook
040 _aFMSL
_beng
_cFMSL
041 _aeng
_2eng
084 _aX8(A):97y7 NO
_qFMSL
100 _aSahu P K
_9257527
245 0 _aIndustrial sickness: Concept cases and Remedies
260 _aNew Delhi
_bNew Delhi, Discovery Pub. House
_c1990
300 _ax,189
942 _cTB
_hX8(A):97y7 NO
999 _c1261664
_d1261664